!Pobrecitos mios de mi alma! (Registro nro. 54290)

Detalles MARC
000 -LEADER
campo de control de longitud fija 00663nam a22001815i 4500
001 - NÚMERO DE CONTROL
campo de control 54290
003 - IDENTIFICADOR DE NÚMERO DE CONTROL
campo de control ES-MaACL
005 - FECHA Y HORA DE LA ÚLTIMA TRANSACCIÓN
campo de control 20250905063041.0
007 - CAMPO FIJO DE DESCRIPCIÓN FÍSICA--INFORMACIÓN GENERAL
campo de control de longitud fija t|
008 - DATOS DE LONGITUD FIJA--INFORMACIÓN GENERAL
campo de control de longitud fija 960704s1878 sp ||||1| spa d
040 ## - FUENTE DE CATALOGACIÓN
Centro catalogador/agencia de origen CAM
Lengua de catalogación spa
Centro/agencia transcriptor CAM
100 1# - ENTRADA PRINCIPAL--NOMBRE DE PERSONA
Nombre de persona Castro, Adolfo de,
Fechas asociadas al nombre 1823-1898
9 (RLIN) 36824
245 10 - MENCIÓN DEL TÍTULO
Título !Pobrecitos mios de mi alma!
Resto del título : jaculatoria edificante que dedica a los señores del Jurado Municipal de Cádiz con motivo de su defensa /
Mención de responsabilidad, etc. un Jacinto Flores Estrada.
260 ## - PUBLICACIÓN, DISTRIBUCIÓN, ETC.
Lugar de publicación, distribución, etc. Cádiz :
Nombre del editor, distribuidor, etc. [s.n.],
Fecha de publicación, distribución, etc. 1878 (
Fabricante Imprenta de la Biblioteca Nacional Económica)
300 ## - DESCRIPCIÓN FÍSICA
Extensión 14 p. ;
Dimensiones 22 cm.
852 ## - LOCALIZACIÓN
Ubicación ES-MaACL
Número de control de estantería T-266-F-1
Existencias
Estatus retirado Estado de pérdida Estado de daño No para préstamo Colección Biblioteca de origen Biblioteca actual Ubicación en estantería Fecha de adquisición Fuente de adquisición Total de préstamos Signatura topográfica completa Código de barras Visto por última vez Precio de reemplazo Tipo de ítem Koha
        Colección de folletos Biblioteca del Ateneo de Madrid Biblioteca del Ateneo de Madrid Depósito folletos 17/01/2008     T-266-F-1 1057052 23/02/2023 23/02/2023 Folleto